Floodplain forest ecosystem / (Record no. 22898)

MARC details
000 -LEADER
fixed length control field 01009cam a2200289 a 4500
001 - CONTROL NUMBER
control field 4749954
003 - CONTROL NUMBER IDENTIFIER
control field OSt
005 - DATE AND TIME OF LATEST TRANSACTION
control field 20211220133719.0
008 - FIXED-LENGTH DATA ELEMENTS--GENERAL INFORMATION
fixed length control field 850228m19851991ne a b 001 0 eng
010 ## - LIBRARY OF CONGRESS CONTROL NUMBER
LC control number 85004462
020 ## - INTERNATIONAL STANDARD BOOK NUMBER
International Standard Book Number 0444995668 (U.S. : v. 1) :
Terms of availability $125.00 (est.)
040 ## - CATALOGING SOURCE
Original cataloging agency DLC
Transcribing agency HU
Modifying agency DLC
041 1# - LANGUAGE CODE
Language code of text/sound track or separate title engcze
050 00 - LIBRARY OF CONGRESS CALL NUMBER
Classification number QH541.5.F6
Item number F59 1985
082 00 - DEWEY DECIMAL CLASSIFICATION NUMBER
Classification number 574.5/2642
Edition number 19
245 00 - TITLE STATEMENT
Title Floodplain forest ecosystem /
Statement of responsibility, etc. Miroslav Penka ... [et al.].
260 ## - PUBLICATION, DISTRIBUTION, ETC.
Place of publication, distribution, etc. Amsterdam ;
-- New York :
Name of publisher, distributor, etc. Elsevier,
Date of publication, distribution, etc. 1985-1991.
300 ## - PHYSICAL DESCRIPTION
Extent 2 v. :
Other physical details ill. ;
Dimensions 23 cm.
440 #0 - SERIES STATEMENT/ADDED ENTRY--TITLE
Title Developments in agricultural and managed-forest ecology ;
Volume/sequential designation 15A-15B
9 (RLIN) 12852
500 ## - GENERAL NOTE
General note Translated from Czech.
504 ## - BIBLIOGRAPHY, ETC. NOTE
Bibliography, etc. note Includes bibliographies and indexes.
505 0# - FORMATTED CONTENTS NOTE
Formatted contents note 1. Before water management measures -- 2. After water management measures.
650 #0 - SUBJECT ADDED ENTRY--TOPICAL TERM
Topical term or geographic name entry element Floodplain forest ecology.
9 (RLIN) 23538
700 1# - ADDED ENTRY--PERSONAL NAME
Personal name Penka, Miroslav.
9 (RLIN) 23539
906 ## - LOCAL DATA ELEMENT F, LDF (RLIN)
a 7
b cbc
c orignew
d 1
e ocip
f 19
g y-gencatlg
942 ## - ADDED ENTRY ELEMENTS (KOHA)
Source of classification or shelving scheme Dewey Decimal Classification
Koha item type Books like text book referance book
Suppress in OPAC No

No items available.